[Event "St Petersburg Korchnoi Memorial op"]
[Site "St Petersburg"]
[Date "2018.08.22"]
[Round "8"]
[White "Motruk, Oleg"]
[Black "Salman, Pavel"]
[Result "0-1"]
[WhiteElo "2081"]
[BlackElo "2253"]
[PlyCount "230"]
[EventDate "2018.08.15"]
[EventType "swiss"]
[EventRounds "9"]
[EventCountry "RUS"]
[SourceTitle "CBM 186 Extra"]
[Source "ChessBase"]
[SourceDate "2018.08.24"]
[SourceVersion "1"]
[SourceVersionDate "2018.08.24"]
[SourceQuality "1"]

1. e4 d6 2. d4 Nf6 3. Bd3 g6 4. Ne2 Bg7 5. f4 c5 6. e5 Nfd7 7. c3 Nb6 8. 0-0 0-0 9. Qc2 cxd4 10. cxd4 Nc6 11. Be4 d5 12. Bf3 Bf5 13. Qd1 Qd7 14. Ng3 Bxb1 15. Rxb1 e6 16. b3 Qe7 17. Ne2 h5 18. Nc3 Qb4 19. Ne2 Rfc8 20. Bd2 Qa3 21. Be1 Ne7 22. Nc3 Nf5 23. Qd3 Bf8 24. Kh1 Qa6 25. Nb5 Nxd4 26. a4 Nxf3 27. Qxf3 Nd7 28. g4 hxg4 29. Qxg4 Rc2 30. h4 Kg7 31. f5 exf5 32. Rxf5 Be7 33. Bc3 Rxc3 34. Nxc3 Qd3 35. Rf3 Nxe5 36. Rxd3 Nxg4 37. Kg2 Bxh4 38. Nxd5 Rd8 39. Nf4 Ne5 40. Rxd8 Bxd8 41. Rd1 Bg5 42. Nd5 f5 43. Nc7 Kf7 44. Nb5 Be3 45. Nd6+ Ke6 46. Nxb7 f4 47. b4 Kf5 48. Nd6+ Kg4 49. Ne4 f3+ 50. Kf1 g5 51. b5 Nc4 52. Ke1 Kf4 53. Nf6 Kg3 54. Ne4+ Kg2 55. Rd7 f2+ 56. Nxf2 Bxf2+ 57. Ke2 g4 58. Rc7 Nd6 59. Rd7 Ne4 60. Rg7 g3 61. Rg4 Nf6 62. Rg5 Ne4 63. Rg4 Nd6 64. Rg5 Nc4 65. Rg4 Na5 66. Rg6 Nb3 67. Rg4 Nd4+ 68. Kd3 Kf3 69. Rg8 Ne6 70. a5 g2 71. b6 axb6 72. Rxg2 Kxg2 73. axb6 Bxb6 74. Ke4 Kg3 75. Kd5 Nf4+ 76. Ke4 Kg4 77. Ke5 Kf3 78. Kd6 Ke4 79. Kc6 Bd4 80. Kd6 Nd3 81. Ke6 Be5 82. Kd7 Kd5 83. Ke7 Nf4 84. Kd7 Bd6 85. Kd8 Nd3 86. Kd7 Nc5+ 87. Kd8 Ke6 88. Kc8 Ke5 89. Kd8 Kd5 90. Kc8 Be5 91. Kd8 Kd6 92. Kc8 Ke6 93. Kd8 Nb3 94. Kc8 Na5 95. Kd8 Kd6 96. Kc8 Kc6 97. Kd8 Bd6 98. Kc8 Nb3 99. Kd8 Nd4 100. Kc8 Nf5 101. Kd8 Bc7+ 102. Ke8 Kd6 103. Kf7 Ke5 104. Kg6 Bd8 105. Kh5 Ne3 106. Kg6 Ke6 107. Kh6 Nd5 108. Kg6 Nf4+ 109. Kg7 Ke7 110. Kh7 Kf7 111. Kh6 Bh4 112. Kh7 Bg5 113. Kh8 Ng6+ 114. Kh7 Nf8+ 115. Kh8 Bf6# 0-1

[Event "St Petersburg Korchnoi Memorial op"]
[Site "St Petersburg"]
[Date "2018.08.16"]
[Round "2"]
[White "Motruk, Oleg"]
[Black "Yatzenko, Anton"]
[Result "0-1"]
[WhiteElo "2081"]
[BlackElo "2356"]
[PlyCount "138"]
[EventDate "2018.08.15"]
[EventType "swiss"]
[EventRounds "9"]
[EventCountry "RUS"]
[SourceTitle "CBM 186 Extra"]
[Source "ChessBase"]
[SourceDate "2018.08.24"]
[SourceVersion "1"]
[SourceVersionDate "2018.08.24"]
[SourceQuality "1"]

1. e4 e6 2. d4 d5 3. exd5 exd5 4. Bd3 Nc6 5. c3 Bd6 6. Ne2 Qf6 7. Ng3 g6 8. b4 Bd7 9. Qb3 Nge7 10. a4 0-0 11. 0-0 h5 12. Nd2 Nd8 13. Nf3 Ne6 14. Bh6 Rfe8 15. h4 Nf4 16. Bc2 Bg4 17. Bg5 Qg7 18. Nh2 Bd7 19. Rae1 Kh8 20. Ne2 Nxe2+ 21. Rxe2 f6 22. Bd2 Nf5 23. Rxe8+ Rxe8 24. Nf3 c6 25. Qb1 Rg8 26. Re1 Bc8 27. Re2 Qf7 28. Qe1 Ng7 29. Bd3 Bg4 30. Qf1 Bb8 31. Re1 Nf5 32. Nh2 Bxh2+ 33. Kxh2 Nxh4 34. f3 Qc7+ 35. Kg1 Bf5 36. Re3 Bxd3 37. Qxd3 Kg7 38. Re6 Kf7 39. Qe2 Qd7 40. Re3 Nf5 41. Rd3 Re8 42. Qd1 Qe6 43. Kf2 g5 44. Bc1 h4 45. b5 Kg6 46. Bd2 Qd6 47. f4 Ng3 48. Kg1 Qe6 49. Re3 Ne4 50. Rf3 Qg4 51. fxg5 fxg5 52. bxc6 bxc6 53. Qb1 Qd7 54. Be3 Qc7 55. c4 Rb8 56. Qc2 Qb6 57. cxd5 Qb1+ 58. Qxb1 Rxb1+ 59. Rf1 Rxf1+ 60. Kxf1 cxd5 61. a5 a6 62. Ke2 Kf5 63. Bc1 g4 64. Ba3 Nc3+ 65. Kf2 Nb5 66. Be7 h3 67. gxh3 gxh3 68. Kg3 Nxd4 69. Kxh3 Nc6 0-1

[Event "RUS-chT U20"]
[Site "Kolomna"]
[Date "2014.08.09"]
[Round "8"]
[White "Motruk, Oleg"]
[Black "Pak, Alexander"]
[Result "0-1"]
[WhiteElo "1915"]
[BlackElo "2125"]
[PlyCount "68"]
[EventDate "2014.08.02"]
[EventType "swiss"]
[EventRounds "9"]
[EventCountry "RUS"]
[SourceTitle "EXT 2016"]
[Source "ChessBase"]
[SourceDate "2015.10.08"]
[SourceVersion "1"]
[SourceVersionDate "2015.10.08"]
[SourceQuality "1"]

1. e4 c5 2. Nf3 d6 3. Bb5+ Nd7 4. 0-0 Ngf6 5. Re1 g6 6. c3 Bg7 7. d4 cxd4 8. cxd4 0-0 9. Nc3 a6 10. Bd3 b5 11. a3 Bb7 12. b4 Rc8 13. Bb2 Nb6 14. Nd2 Nfd7 15. Nb3 Ba8 16. a4 Nc4 17. Bxc4 bxc4 18. Na5 Qb6 19. Na2 c3 20. Bxc3 Rxc3 21. Nxc3 Qxb4 22. Qd3 Qxa5 23. Rec1 h5 24. Rab1 Kh7 25. f4 Rc8 26. e5 dxe5 27. fxe5 Rd8 28. Qc4 Nxe5 29. dxe5 Qxe5 30. Ne2 Rd2 31. Re1 Qg5 32. g3 Qe3+ 33. Kf1 Qf3+ 34. Kg1 Qg2# 0-1

[Event "RUS-chT U20"]
[Site "Kolomna"]
[Date "2014.08.07"]
[Round "6"]
[White "Motruk, Oleg"]
[Black "Kitaev, Ilya"]
[Result "0-1"]
[WhiteElo "1915"]
[BlackElo "2012"]
[PlyCount "58"]
[EventDate "2014.08.02"]
[EventType "swiss"]
[EventRounds "9"]
[EventCountry "RUS"]
[SourceTitle "EXT 2016"]
[Source "ChessBase"]
[SourceDate "2015.10.08"]
[SourceVersion "1"]
[SourceVersionDate "2015.10.08"]
[SourceQuality "1"]

1. e4 e6 2. d4 d5 3. e5 c5 4. c3 Nc6 5. Nf3 Bd7 6. Be2 f6 7. exf6 Nxf6 8. 0-0 Bd6 9. Bd3 0-0 10. Re1 Qc7 11. Na3 a6 12. Qe2 Rae8 13. Ne5 cxd4 14. Nxc6 Bxc6 15. cxd4 Bxh2+ 16. Kh1 Bd6 17. Qc2 e5 18. Be3 e4 19. Be2 Qd7 20. Kg1 Ng4 21. Bxg4 Qxg4 22. Qe2 Qh4 23. g3 Qh3 24. Qf1 Qh5 25. Qg2 Bd7 26. Nb1 Bh3 27. Qh2 Qg4 28. Nd2 Rf5 29. Rac1 Rh5 0-1

[Event "RUS-chT U20"]
[Site "Kolomna"]
[Date "2014.08.04"]
[Round "3"]
[White "Rulev, Dmitry"]
[Black "Motruk, Oleg"]
[Result "0-1"]
[WhiteElo "1438"]
[BlackElo "1915"]
[PlyCount "72"]
[EventDate "2014.08.02"]
[EventType "swiss"]
[EventRounds "9"]
[EventCountry "RUS"]
[SourceTitle "EXT 2016"]
[Source "ChessBase"]
[SourceDate "2015.10.08"]
[SourceVersion "1"]
[SourceVersionDate "2015.10.08"]
[SourceQuality "1"]

1. e4 c6 2. Nf3 d5 3. exd5 cxd5 4. d4 Nc6 5. c4 Nf6 6. Nc3 Bg4 7. h3 Bxf3 8. Qxf3 Nxd4 9. Qd3 dxc4 10. Qd1 b5 11. Be3 e5 12. Bxd4 exd4 13. Qe2+ Be7 14. 0-0-0 a6 15. g3 0-0 16. Bg2 Rb8 17. Rhe1 Bc5 18. Ne4 Nxe4 19. Bxe4 f5 20. Bc2 Qg5+ 21. f4 Qxg3 22. Qe5 Bb4 23. Rg1 Qe3+ 24. Qxe3 dxe3 25. Rg2 Rbe8 26. Re2 Bd2+ 27. Kb1 Rd8 28. a3 Rd4 29. a4 Rxf4 30. axb5 axb5 31. Ka2 Ra8+ 32. Kb1 b4 33. h4 b3 34. Bxf5 Rxf5 35. h5 Rfa5 36. Rxe3 Ra1# 0-1

[Event "Kimry Summer op 63rd"]
[Site "Kimry"]
[Date "2012.06.10"]
[Round "5"]
[White "Motruk, Oleg"]
[Black "Atamyradova, Zheren"]
[Result "1-0"]
[WhiteElo "1921"]
[BlackElo "1529"]
[PlyCount "61"]
[EventDate "2012.06.08"]
[EventType "swiss"]
[EventRounds "7"]
[EventCountry "RUS"]
[SourceTitle "EXT 2014"]
[Source "ChessBase"]
[SourceDate "2013.11.20"]
[SourceVersion "1"]
[SourceVersionDate "2013.11.20"]
[SourceQuality "1"]

1. e4 c5 2. Nf3 Nc6 3. d4 cxd4 4. Nxd4 Nf6 5. Nc3 e5 6. Ndb5 Bb4 7. a3 Bxc3+ 8. Nxc3 0-0 9. Bg5 h6 10. Bh4 Qb6 11. Bxf6 gxf6 12. Nd5 Qd8 13. Qg4+ Kh8 14. Qh4 Kg7 15. 0-0-0 f5 16. Qg3+ Qg5+ 17. Qxg5+ hxg5 18. exf5 d6 19. g4 f6 20. Bg2 Nd4 21. c3 Nb3+ 22. Kc2 Nc5 23. Nc7 Rb8 24. Rxd6 b6 25. b4 Nb7 26. Rd5 Rf7 27. Ne6+ Bxe6 28. fxe6 Re7 29. Rhd1 Kf8 30. Rd7 Rxd7 31. Rxd7 1-0

[Event "Kimry Summer op 63rd"]
[Site "Kimry"]
[Date "2012.06.09"]
[Round "3"]
[White "Motruk, Oleg"]
[Black "Nikitina, Aleksandra"]
[Result "1-0"]
[WhiteElo "1921"]
[BlackElo "1932"]
[PlyCount "81"]
[EventDate "2012.06.08"]
[EventType "swiss"]
[EventRounds "7"]
[EventCountry "RUS"]
[SourceTitle "EXT 2014"]
[Source "ChessBase"]
[SourceDate "2013.11.20"]
[SourceVersion "1"]
[SourceVersionDate "2013.11.20"]
[SourceQuality "1"]

1. e4 c5 2. c3 g6 3. d4 d6 4. Bc4 Nc6 5. Ne2 Bg7 6. f4 Qb6 7. d5 Na5 8. Bd3 c4 9. Bc2 Bd7 10. Nd4 Nf6 11. h3 0-0 12. Qe2 Rac8 13. Nd2 Rfe8 14. N2f3 e5 15. fxe5 dxe5 16. g4 Re7 17. Nf5 Ne8 18. g5 Nd6 19. Ng3 Rf8 20. h4 Bg4 21. h5 Bxf3 22. Qxf3 f6 23. hxg6 hxg6 24. Nf5 Nxf5 25. exf5 Kf7 26. gxf6 Qxf6 27. fxg6+ Ke8 28. Qxf6 Bxf6 29. b4 cxb3 30. axb3 e4 31. Rxa5 Bxc3+ 32. Bd2 Bxd2+ 33. Kxd2 e3+ 34. Ke1 Rc7 35. Bd1 b6 36. Ra4 Kd7 37. Rc4 Rxc4 38. bxc4 Kd6 39. g7 Rg8 40. Rg1 a5 41. Bc2 1-0

[Event "Kimry op Aug"]
[Site "Kimry"]
[Date "2011.08.31"]
[Round "5"]
[White "Motruk, Oleg"]
[Black "Bykova, Natalia"]
[Result "1-0"]
[WhiteElo "1886"]
[BlackElo "1773"]
[PlyCount "73"]
[EventDate "2011.08.29"]
[EventType "swiss"]
[EventRounds "7"]
[EventCountry "RUS"]
[SourceTitle "CBM 144 Extra"]
[Source "ChessBase"]
[SourceDate "2011.10.28"]
[SourceVersion "1"]
[SourceVersionDate "2011.10.28"]
[SourceQuality "1"]

1. e4 c5 2. Nf3 Nc6 3. d4 cxd4 4. Nxd4 e5 5. Nb5 a6 6. Nd6+ Bxd6 7. Qxd6 Qf6 8. Qd1 Nge7 9. Nc3 Nd4 10. Be3 d6 11. f3 0-0 12. Bd3 Qg6 13. 0-0 Bh3 14. Qd2 Ne6 15. Kh1 f5 16. gxh3 f4 17. Bb6 Qh5 18. Bc4 Qxh3 19. Qxd6 Rf6 20. Qxe7 Rh6 21. Rf2 Kh8 22. Rg1 Rg8 23. Bxe6 Rxe6 24. Qxb7 g5 25. Nd5 Rg7 26. Qc8+ Rg8 27. Qc5 h5 28. Ne7 Rg7 29. Nf5 Rg8 30. Rxg5 Rxg5 31. Qc8+ Kh7 32. Qxe6 Rg3 33. Qh6+ Kg8 34. Nxg3 fxg3 35. Rg2 Kf7 36. Qh7+ Ke6 37. Qf5+ 1-0

[Event "Kimry op Aug"]
[Site "Kimry"]
[Date "2011.08.31"]
[Round "6"]
[White "Motruk, Oleg"]
[Black "Fedorova, Anna1"]
[Result "1-0"]
[WhiteElo "1886"]
[BlackElo "1898"]
[PlyCount "75"]
[EventDate "2011.08.29"]
[EventType "swiss"]
[EventRounds "7"]
[EventCountry "RUS"]
[SourceTitle "CBM 144 Extra"]
[Source "ChessBase"]
[SourceDate "2011.10.28"]
[SourceVersion "1"]
[SourceVersionDate "2011.10.28"]
[SourceQuality "1"]

1. e4 d5 2. exd5 Nf6 3. d4 Nxd5 4. c4 Nb6 5. Nf3 g6 6. Nc3 Bg7 7. c5 Nd5 8. Bc4 c6 9. Qb3 e6 10. 0-0 0-0 11. Ne4 Nd7 12. Nd6 Rb8 13. Bg5 N7f6 14. Ne5 Qc7 15. Qa3 Ne8 16. Bh4 f6 17. Nd3 Nxd6 18. cxd6 Qb6 19. Nc5 Qd8 20. Bxd5 exd5 21. Qxa7 Bd7 22. Rae1 Rf7 23. Re7 Be8 24. Nxb7 Qc8 25. d7 Bxd7 26. Nd6 Ra8 27. Nxc8 Rxa7 28. Rxf7 Kxf7 29. Nxa7 f5 30. Re1 Bf8 31. Rc1 h6 32. Bg3 g5 33. Be5 Kg6 34. Nxc6 h5 35. a4 f4 36. a5 Bc8 37. Ne7+ Bxe7 38. Rxc8 1-0

[Event "Kimry op 52nd"]
[Site "Kimry"]
[Date "2010.06.10"]
[Round "2"]
[White "Motruk, Oleg"]
[Black "Berezin, Viktor"]
[Result "1/2-1/2"]
[WhiteElo "1777"]
[BlackElo "2179"]
[PlyCount "132"]
[EventDate "2010.06.10"]
[EventType "swiss"]
[EventRounds "7"]
[EventCountry "RUS"]
[SourceTitle "CBM 136 Extra"]
[Source "ChessBase"]
[SourceDate "2010.07.02"]
[SourceVersion "2"]
[SourceVersionDate "2010.07.15"]
[SourceQuality "1"]

1. e4 e5 2. Nf3 Nc6 3. Bb5 a6 4. Ba4 Nf6 5. 0-0 Nxe4 6. d4 b5 7. Bb3 d5 8. dxe5 Be6 9. Be3 Be7 10. Nbd2 Nc5 11. c3 Nd3 12. Qc2 Ndxe5 13. Nxe5 Nxe5 14. Bd4 Bf6 15. f4 Ng4 16. Bc5 Be7 17. Bd4 0-0 18. f5 Qd6 19. Nf3 Bd7 20. h3 Nf6 21. Rad1 Ne4 22. Ne5 c6 23. Nxd7 Qxd7 24. Bxg7 Kxg7 25. Qxe4 Qa7+ 26. Qd4+ Qxd4+ 27. cxd4 Bf6 28. Rf4 Rfe8 29. Kf2 Bg5 30. Rf3 b4 31. Rg3 Kf6 32. Rf3 Re7 33. Re1 Re4 34. Ba4 Rc8 35. Rxe4 dxe4 36. Rb3 e3+ 37. Ke2 a5 38. a3 c5 39. dxc5 Rxc5 40. Rd3 Rxf5 41. g3 Rf2+ 42. Ke1 Rxb2 43. axb4 Rxb4 44. Bd1 Ke5 45. Ra3 Rb5 46. Ra4 Be7 47. Ke2 Bc5 48. Kf3 Bd4 49. Be2 Rc5 50. g4 h6 51. Bd3 f6 52. Be2 f5 53. gxf5 Rd5 54. Bc4 Rc5 55. Bd3 Kd5 56. Be4+ Ke5 57. Bd3 Bc3 58. Kxe3 Bb4 59. Ra2 Rc1 60. Rc2 Rh1 61. Rf2 Rxh3+ 62. Ke2 Kd4 63. Bc2 Re3+ 64. Kf1 Kc3 65. f6 a4 66. Bxa4 Bf8 1/2-1/2

[Event "Moscow Region-ch op"]
[Site "Moscow"]
[Date "2009.08.05"]
[Round "10"]
[White "Motruk, Oleg"]
[Black "Pospelov, Sergey Lvovich"]
[Result "1-0"]
[WhiteElo "1745"]
[BlackElo "2033"]
[PlyCount "60"]
[EventDate "2009.07.29"]
[EventType "swiss"]
[EventRounds "10"]
[EventCountry "RUS"]
[SourceTitle "CBM 131 Extra"]
[Source "ChessBase"]
[SourceDate "2009.09.03"]
[SourceVersion "2"]
[SourceVersionDate "2009.09.16"]
[SourceQuality "1"]

1. e4 c5 2. c3 d5 3. exd5 Qxd5 4. d4 Nc6 5. Nf3 Nf6 6. Be2 cxd4 7. cxd4 e6 8. Nc3 Qd8 9. 0-0 Be7 10. Be3 0-0 11. a3 a6 12. b4 Nd5 13. Nxd5 Qxd5 14. Rc1 b5 15. Ne1 Qd7 16. Rxc6 Qxc6 17. Bf3 Qd7 18. Bxa8 e5 19. Nf3 a5 20. Nxe5 Qe6 21. Qf3 axb4 22. Bd5 Qf6 23. Qxf6 gxf6 24. Nc6 Bd6 25. axb4 Bb7 26. Ne7+ Bxe7 27. Bxb7 Bxb4 28. Rb1 Rb8 29. Bc6 Rb6 30. Rxb4 Rxc6 1-0

[Event "Moscow Region-ch op"]
[Site "Moscow"]
[Date "2009.08.04"]
[Round "9"]
[White "Gvanceladze, Anna"]
[Black "Motruk, Oleg"]
[Result "1-0"]
[WhiteElo "1978"]
[BlackElo "1745"]
[PlyCount "81"]
[EventDate "2009.07.29"]
[EventType "swiss"]
[EventRounds "10"]
[EventCountry "RUS"]
[SourceTitle "CBM 131 Extra"]
[Source "ChessBase"]
[SourceDate "2009.09.03"]
[SourceVersion "2"]
[SourceVersionDate "2009.09.16"]
[SourceQuality "1"]

1. e4 d5 2. exd5 Nf6 3. Bb5+ Bd7 4. Be2 Nxd5 5. d4 Bf5 6. a3 e6 7. c4 Nb6 8. Nf3 c5 9. Be3 N8d7 10. Nc3 Be7 11. 0-0 0-0 12. dxc5 Nxc5 13. Nd4 Bg6 14. b4 Ne4 15. Qb3 Bf6 16. Nxe4 Bxe4 17. Rad1 Qe7 18. Nb5 Nd7 19. Nxa7 Rfd8 20. Nb5 Be5 21. Bd4 Qg5 22. Bf3 Qf4 23. Bxe5 Nxe5 24. Bxe4 Qxe4 25. Nd6 Qc6 26. c5 b6 27. Qe3 Ng4 28. Qf3 Qxf3 29. gxf3 Ne5 30. cxb6 Rab8 31. f4 Nf3+ 32. Kg2 Nh4+ 33. Kg3 Rxd6 34. Kxh4 Rbxb6 35. Rfe1 g6 36. Rxd6 Rxd6 37. Re3 Rd4 38. Kg3 h5 39. b5 Rd6 40. Rb3 Rb6 41. a4 1-0

[Event "Rybinsk op"]
[Site "Rybinsk"]
[Date "2009.06.19"]
[Round "9"]
[White "Motruk, Oleg"]
[Black "Vinogradov, Alexander"]
[Result "0-1"]
[WhiteElo "1745"]
[BlackElo "1954"]
[PlyCount "132"]
[EventDate "2009.06.14"]
[EventType "swiss"]
[EventRounds "9"]
[EventCountry "RUS"]
[SourceTitle "CBM 131 Extra"]
[Source "ChessBase"]
[SourceDate "2009.09.03"]
[SourceVersion "2"]
[SourceVersionDate "2009.09.16"]
[SourceQuality "1"]

1. e4 c5 2. c3 d5 3. exd5 Qxd5 4. d4 Nf6 5. Nf3 Nc6 6. Be2 Bf5 7. 0-0 e6 8. Bf4 Be7 9. Na3 0-0 10. Bc4 Qd8 11. Nb5 a6 12. Na3 b5 13. Be2 Nd5 14. Bg3 cxd4 15. Nxd4 Nxd4 16. cxd4 Bxa3 17. bxa3 Nc3 18. Qd2 Qxd4 19. Qb2 Nxe2+ 20. Qxe2 Rac8 21. Rfc1 Rc4 22. Be5 Qc5 23. Rxc4 bxc4 24. Qb2 f6 25. Bc3 Rd8 26. Rc1 Bd3 27. a4 Qc7 28. a5 Rb8 29. Qa3 Kf7 30. Bd4 Rb1 31. Bc3 Qe7 32. Qxe7+ Kxe7 33. Rxb1 Bxb1 34. a3 Kd6 35. Kf1 Kc6 36. Ke2 Kd5 37. Ke3 e5 38. g3 g6 39. h3 Ke6 40. h4 Kf5 41. Kf3 Be4+ 42. Ke3 Bc6 43. f3 h5 44. Bb4 g5 45. Bc3 gxh4 46. gxh4 Ke6 47. Bb4 Kd5 48. Bc3 Ba4 49. Ba1 Bc2 50. Bb2 Bb1 51. Bc3 Ke6 52. Ba1 Kd5 53. Bc3 Kc6 54. Bb2 Kb5 55. Bc3 Ka4 56. Bb4 Kb3 57. Kd2 f5 58. Bc3 e4 59. fxe4 Bxe4 60. Bb4 f4 61. Bd6 c3+ 62. Kc1 f3 63. Bc5 Kc4 64. Bf2 Kd3 65. Kd1 c2+ 66. Kc1 Ke2 0-1

[Event "Rybinsk op"]
[Site "Rybinsk"]
[Date "2009.06.18"]
[Round "7"]
[White "Motruk, Oleg"]
[Black "Stebunov, Alexander A"]
[Result "1-0"]
[WhiteElo "1745"]
[BlackElo "2006"]
[PlyCount "51"]
[EventDate "2009.06.14"]
[EventType "swiss"]
[EventRounds "9"]
[EventCountry "RUS"]
[SourceTitle "CBM 131 Extra"]
[Source "ChessBase"]
[SourceDate "2009.09.03"]
[SourceVersion "2"]
[SourceVersionDate "2009.09.16"]
[SourceQuality "1"]

1. e4 e5 2. f4 d5 3. exd5 c6 4. dxc6 Nxc6 5. Nc3 exf4 6. Nf3 Bd6 7. d4 Bg4 8. Bb5 Nge7 9. d5 a6 10. dxc6 axb5 11. cxb7 Ra6 12. Nxb5 0-0 13. 0-0 Qb6+ 14. Nbd4 Qxb7 15. c3 Bxf3 16. Qxf3 Qxf3 17. Rxf3 g5 18. b4 Be5 19. a4 Rc8 20. Bd2 Nd5 21. b5 Rd6 22. Nc6 Bg7 23. a5 Rd7 24. Rd3 Nf6 25. Rxd7 Nxd7 26. Ne7+ 1-0

[Event "Rybinsk op"]
[Site "Rybinsk"]
[Date "2009.06.14"]
[Round "1"]
[White "Motruk, Oleg"]
[Black "Denisov, Sergei"]
[Result "0-1"]
[WhiteElo "1745"]
[BlackElo "2195"]
[PlyCount "68"]
[EventDate "2009.06.14"]
[EventType "swiss"]
[EventRounds "9"]
[EventCountry "RUS"]
[SourceTitle "CBM 131 Extra"]
[Source "ChessBase"]
[SourceDate "2009.09.03"]
[SourceVersion "2"]
[SourceVersionDate "2009.09.16"]
[SourceQuality "1"]

1. e4 e5 2. f4 d5 3. exd5 e4 4. d3 Nf6 5. Nc3 Bb4 6. Bd2 e3 7. Bxe3 0-0 8. Be2 Re8 9. Bd2 Nxd5 10. Nf3 Bxc3 11. bxc3 Qf6 12. 0-0 Nc6 13. d4 Nxf4 14. Bc4 Bg4 15. Qc1 Be6 16. Bxf4 Bxc4 17. Rf2 Qe7 18. Qd2 Qd7 19. Ne5 Nxe5 20. Bxe5 f6 21. Bg3 Re4 22. Rb1 Rae8 23. h3 b5 24. a3 Qd5 25. Bxc7 Re2 26. Qf4 Rxf2 27. Qxf2 Re2 28. Qg3 Qe4 29. Rf1 Bd5 30. Rf2 Re3 31. Qd6 h5 32. Qd8+ Kh7 33. Bf4 Rxh3 34. Qd7 Qe1+ 0-1

[Event "Moscow op-B"]
[Site "Moscow"]
[Date "2009.02.08"]
[Round "9"]
[White "Motruk, Oleg"]
[Black "Kanatzhanov, Nurzhan"]
[Result "1-0"]
[WhiteElo "1727"]
[BlackElo "1400"]
[PlyCount "54"]
[EventDate "2009.01.31"]
[EventType "swiss"]
[EventRounds "9"]
[EventCountry "RUS"]
[SourceTitle "EXT 2023"]
[Source "ChessBase"]
[SourceDate "2022.10.05"]
[SourceVersion "1"]
[SourceVersionDate "2022.10.05"]
[SourceQuality "1"]

1. e4 c5 2. c3 d5 3. exd5 Qxd5 4. d4 g6 5. Nf3 Bg7 6. Be3 cxd4 7. cxd4 Qa5+ 8. Nc3 Nh6 9. Qd2 Nf5 10. Rc1 Na6 11. Bb5+ Kf8 12. Bxa6 bxa6 13. 0-0 Bf6 14. Bh6+ Bg7 15. Bxg7+ Kxg7 16. Ne5 Qb6 17. Ne2 Bb7 18. Nc4 Qf6 19. Na5 Bd5 20. Rc5 Be6 21. Rc6 Nd6 22. Nf4 Bd7 23. Nd5 Qe6 24. Nc7 Qf5 25. Rc5 Ne4 26. Rxf5 Nxd2 27. Nxa8 Rxa8 1-0

[Event "Moscow op-B"]
[Site "Moscow"]
[Date "2009.02.01"]
[Round "3"]
[White "Motruk, Oleg"]
[Black "Lavrischev, Anatoliy"]
[Result "0-1"]
[WhiteElo "1727"]
[BlackElo "1981"]
[PlyCount "94"]
[EventDate "2009.01.31"]
[EventType "swiss"]
[EventRounds "9"]
[EventCountry "RUS"]
[SourceTitle "EXT 2012"]
[Source "ChessBase"]
[SourceDate "2011.11.24"]
[SourceVersion "1"]
[SourceVersionDate "2011.11.24"]
[SourceQuality "1"]

1. e4 c5 2. c3 b6 3. d4 cxd4 4. cxd4 Bb7 5. Nc3 e6 6. Nf3 Bb4 7. Bd3 Nf6 8. Qe2 d5 9. e5 Ne4 10. Bd2 Nxd2 11. Nxd2 Nc6 12. Qe3 Be7 13. 0-0 0-0 14. f4 Nxd4 15. Qh3 g6 16. Nf3 Nxf3+ 17. Rxf3 Kg7 18. Rg3 f5 19. Be2 Rh8 20. Rd3 Rc8 21. g4 Bc5+ 22. Kg2 Qe7 23. gxf5 d4+ 24. Bf3 exf5 25. Nd5 Qe6 26. Nf6 Bxf3+ 27. Qxf3 Qc6 28. Rb1 Qxf3+ 29. Kxf3 Rhd8 30. Rbd1 a5 31. Rg1 Be7 32. Nh5+ Kf7 33. Ng3 Rc2 34. Rg2 Rxg2 35. Kxg2 Ke6 36. Ne2 Bc5 37. Kf1 b5 38. Nc1 a4 39. Ne2 b4 40. Ng1 Kd5 41. Ke2 Ke4 42. Nh3 Be7 43. b3 a3 44. Rg3 Rc8 45. Rd3 Bh4 46. Rd2 h6 47. Ng1 Rc3 0-1

[Event "Moscow Petrosian Memorial U18"]
[Site "Moscow"]
[Date "2009.01.??"]
[Round "1"]
[White "Gvanceladze, Anna"]
[Black "Motruk, Oleg"]
[Result "1-0"]
[WhiteElo "1978"]
[BlackElo "1727"]
[PlyCount "57"]
[EventDate "2009.01.??"]
[EventType "swiss"]
[EventRounds "9"]
[EventCountry "RUS"]
[SourceTitle "EXT 2010"]
[Source "ChessBase"]
[SourceDate "2010.11.25"]
[SourceVersion "1"]
[SourceVersionDate "2010.11.25"]
[SourceQuality "1"]

1. e4 d5 2. exd5 Nf6 3. Bb5+ Bd7 4. Be2 Nxd5 5. d4 g6 6. Nf3 Bg7 7. c4 Nb6 8. Nc3 c6 9. 0-0 0-0 10. Be3 Bg4 11. Qd3 Bxf3 12. Bxf3 e5 13. d5 f5 14. Be2 cxd5 15. Nxd5 Nxd5 16. cxd5 f4 17. Bc5 Re8 18. Qb3 b6 19. Ba3 Qg5 20. Bf3 e4 21. Rfe1 Qf5 22. Qa4 Qd7 23. Rxe4 Qxa4 24. Rxa4 Nd7 25. d6 Rad8 26. Rxa7 Ne5 27. Bd5+ Kh8 28. Re7 Bf8 29. Rd1 1-0

[Event "Moscow Petrosian Memorial U18"]
[Site "Moscow"]
[Date "2009.01.??"]
[Round "4"]
[White "Pylaeva, Ekaterina"]
[Black "Motruk, Oleg"]
[Result "0-1"]
[WhiteElo "1676"]
[BlackElo "1727"]
[PlyCount "96"]
[EventDate "2009.01.??"]
[EventType "swiss"]
[EventRounds "9"]
[EventCountry "RUS"]
[SourceTitle "EXT 2010"]
[Source "ChessBase"]
[SourceDate "2010.11.25"]
[SourceVersion "1"]
[SourceVersionDate "2010.11.25"]
[SourceQuality "1"]

1. e4 c5 2. Nf3 Nc6 3. d4 cxd4 4. Nxd4 g6 5. Nc3 Bg7 6. Nb3 Nf6 7. Be3 0-0 8. Qd2 d6 9. Be2 Bd7 10. 0-0-0 Rc8 11. Kb1 a6 12. Bh6 Ne5 13. Bxg7 Kxg7 14. f4 Nc6 15. f5 Ne5 16. fxg6 fxg6 17. h4 h5 18. Nd4 Rxc3 19. Qxc3 Nxe4 20. Qb3 Nf2 21. Rhg1 Nxd1 22. Bxd1 b5 23. Nf3 Qb6 24. Re1 Qf2 25. Qb4 Nc6 26. Qc3+ e5 27. Re2 Qf1 28. Rd2 b4 29. Qe3 Rf6 30. Qb6 e4 31. Qc7 e3 32. Qxd7+ Rf7 33. Qxd6 exd2 34. Qxd2 Re7 35. b3 Qb5 36. Ng5 Qc5 37. Qd3 Qc3 38. Qd5 Qd4 39. Qf3 Ne5 40. Qf1 Ng4 41. Nf3 Ne3 42. Nxd4 Nxf1 43. Be2 Nd2+ 44. Kc1 Ne4 45. Bxa6 Nc3 46. Bc4 Rd7 47. Ne6+ Kf6 48. Kb2 Rd1 0-1

[Event "Zvenigorod Autumn op-B"]
[Site "Zvenigorod"]
[Date "2008.09.26"]
[Round "3"]
[White "Motruk, Oleg"]
[Black "Uraev, Ivan"]
[Result "0-1"]
[WhiteElo "1656"]
[BlackElo "2150"]
[PlyCount "42"]
[EventDate "2008.09.25"]
[EventType "swiss"]
[EventRounds "9"]
[EventCountry "RUS"]
[SourceTitle "EXT 2022"]
[Source "ChessBase"]
[SourceDate "2021.10.06"]
[SourceVersion "1"]
[SourceVersionDate "2021.10.06"]
[SourceQuality "1"]

1. Nf3 c5 2. b3 d5 3. Bb2 Nc6 4. e3 Bg4 5. Bb5 Qb6 6. Bxc6+ bxc6 7. 0-0 Nf6 8. Nc3 e6 9. Na4 Qa5 10. Bc3 Qb5 11. Nb2 Ne4 12. Nd3 Nxc3 13. dxc3 Qb6 14. Nde5 Bh5 15. Nd3 f6 16. Qe2 e5 17. e4 Be7 18. c4 f5 19. exd5 e4 20. d6 Bxd6 21. Qe3 0-0 0-1

[Event "Zvenigorod Autumn op-B"]
[Site "Zvenigorod"]
[Date "2008.09.25"]
[Round "1"]
[White "Motruk, Oleg"]
[Black "Popelyshev, Igor Viktorovich"]
[Result "0-1"]
[WhiteElo "1656"]
[BlackElo "2190"]
[PlyCount "34"]
[EventDate "2008.09.25"]
[EventType "swiss"]
[EventRounds "9"]
[EventCountry "RUS"]
[SourceTitle "EXT 2022"]
[Source "ChessBase"]
[SourceDate "2021.10.06"]
[SourceVersion "1"]
[SourceVersionDate "2021.10.06"]
[SourceQuality "1"]

1. Nf3 c5 2. b3 Nc6 3. Bb2 d6 4. e3 e5 5. Nc3 Nf6 6. d4 cxd4 7. exd4 e4 8. Ng1 d5 9. a3 a6 10. b4 b5 11. Nxb5 axb5 12. Bxb5 Bd7 13. c4 dxc4 14. Bxc4 Bd6 15. Rc1 0-0 16. Ne2 Ng4 17. Qb3 Qh4 0-1